Word Ladder: '90s Nickelodeon Shows Quiz Stats

 Plays Quiz Updated Sep 24, 2013

Support Sporcle.
Go Orange.
Score 0/58 Timer 06:00
0 Plays Today
Clue 4-Letter Word % Correct
▼ Are You Afraid of the [____]▼▼DARK▼
90.9%
Side dish: ___ slawCOLE
89.7%
Dots and dashes: Morse ___CODE
89.1%
What is planted to make a gardenSEED
88.9%
▼ Rocko’s Modern [____]▼▼LIFE▼
88.4%
Thumbs up on FacebookLIKE
88.3%
Clarinet player’s needREED
88.1%
Crack a bookREAD
87.8%
A female horseMARE
85.7%
▼ Double [____]▼▼DARE▼
85.6%
Star Wars protagonist first nameLUKE
85.5%
Big pineapple companyDOLE
85.3%
Initiate a telephone conversationCALL
84.6%
That was ____, this is nowTHEN
84.5%
Bird’s mouthBEAK
83.6%
Opposite of frontBACK
83.6%
Chip's chipmunk palDALE
83.1%
To fly highSOAR
82.9%
Captain’s second in command is the first ____MATE
82.5%
Notes of gratitude: “Thank ____YOUS
82.5%
To indicate something for later reviewMARK
82%
At one’s ____ and callBECK
81.9%
Second in command in a kitchen: ____ chefSOUS
81.5%
One whose career is over: Has-____BEEN
81.3%
Elevator, to one in the UKLIFT
81.3%
Pucker-inducingSOUR
80.9%
Nobleman of highest rank below monarchDUKE
80.4%
First name of astronomer SaganCARL
80.1%
Give a hootCARE
79.9%
Clue 4-Letter Word % Correct
Buggy suffix for milli- or centi-PEDE
79.6%
LegumeBEAN
79.5%
▼Aaahh!!! [____] Monsters▼▼REAL▼
78.7%
Give up territoryCEDE
78.2%
▼ Salute [____] Shorts▼▼YOUR▼
78%
High school student, e.g.TEEN
77.6%
▼ All [____]▼▼THAT▼
76.6%
A word used to compare two valuesTHAN
74.3%
Miami's countyDADE
73.3%
▼ The Adventures of [____] and [____]▼▼PETE▼
73.2%
▼ Hey [____]▼▼DUDE▼
73.2%
Something one might say to a speaker who mumblesWHAT
69%
The crown of the headPATE
68.5%
Leave a markSCAR
68.2%
You’ll find one in a block with lots of barsCELL
67.9%
Couldn’t drive 55, possiblySPED
67.6%
A plan to bilk someone out of their moneySCAM
67%
George Michael’s former pop duoWHAM!
65.4%
Top of a mountainAPEX
65%
Seating area for the choirLOFT
64.4%
To show attitude when not getting one’s wayPOUT
62.5%
DecantPOUR
62%
HoaxSHAM
61%
Mimicked, imitatedAPED
60.9%
▼ The Secret World of [First Rung] [Last Rung]▼▼ALEX▼
57.3%
An oaf or boorLOUT
56.5%
Access point for subterranean water sourceWELL
55.6%
▼ The Secret World of [First Rung] [Last Rung]▼▼MACK▼
51.4%
Raised area on the skin, as from a blowWEAL
50.2%

Today's Daily Dose

Word Ladder
ING Words

Get the Picture
Nearest Volcano

From the Vault

Cartoon Character Hodgepodge

by googlebird

Think of this as family portraits for your favorite cartoon characters.
Remove Ads.
Support Sporcle.
Get the best of Sporcle when you Go Orange. This ad-free experience offers more features, more stats, and more fun while also helping to support Sporcle. Thank you for becoming a member.

Show Comments

Extras

Top Quizzes Today


Score Distribution

Your Account Isn't Verified!

In order to create a playlist on Sporcle, you need to verify the email address you used during registration. Go to your Sporcle Settings to finish the process.

Report this User

Report this user for behavior that violates our Community Guidelines.

Details: